[Event "27th Hoogeveen Open 2024"]
[Site "Hoogeveen NED"]
[Date "2024.10.30"]
[Round "6.23"]
[White "Darie, Aden"]
[Black "Kazarjan, Gachatur"]
[Result "0-1"]
[WhiteElo "1928"]
[BlackElo "2163"]
[WhiteFideId "1094831"]
[BlackFideId "1068750"]
[EventDate "2024.10.26"]

1. e4 c5 2. Nf3 d6 3. d4 cxd4 4. Nxd4 Nf6 5. f3 g6 6. c4 Bg7 7. Nc3 O-O 8. Be3
Nc6 9. Be2 Bd7 10. Qd2 Nxd4 11. Bxd4 a5 12. O-O Bc6 13. Rac1 Nd7 14. Be3 Nc5 15.
Rfd1 Qb6 16. Bf1 Rfc8 17. Qf2 a4 18. Rc2 Qa5 19. a3 Rc7 20. Re1 Qb6 21. e5 Qb3
22. Nb5 Bxb5 23. Rc3 Qa2 24. cxb5 Qe6 25. exd6 Bxc3 26. bxc3 Qxd6 27. Bd4 Rcc8
28. Qh4 Ne6 29. Be5 Qxa3 30. f4 Qc5+ 31. Kh1 f6 32. Bxf6 exf6 33. Rxe6 Qxc3 34.
Re7 h5 35. f5 Qc1 36. Re1 Qg5 37. Bc4+ Kh8 38. Qd4 Rd8 39. Qa1 Qxf5 40. Rf1 Qe5
41. Qc1 Kg7 42. Re1 Qc5 43. Rf1 Rac8 44. Qf4 Qd4 0-1

[Event "27th Hoogeveen Open 2024"]
[Site "Hoogeveen NED"]
[Date "2024.10.30"]
[Round "6.24"]
[White "Yasmo, Daniil"]
[Black "Vaupot, Kajetan"]
[Result "1/2-1/2"]
[WhiteElo "2156"]
[BlackElo "1870"]
[WhiteFideId "14199165"]
[BlackFideId "14641003"]
[EventDate "2024.10.26"]

1. e4 e5 2. Nf3 Nc6 3. Bb5 a6 4. Ba4 Nf6 5. O-O Be7 6. Re1 b5 7. Bb3 d6 8. c3
O-O 9. h3 Na5 10. Bc2 c5 11. d4 Nd7 12. Nbd2 exd4 13. cxd4 Nc6 14. Nf1 cxd4 15.
Nxd4 Nxd4 16. Qxd4 Ne5 17. Ne3 Bxh3 18. Nf5 Bxf5 19. exf5 Bf6 20. Qd1 Qc7 21.
Be4 Rac8 22. g4 Nc4 23. g5 Bxb2 24. Bxb2 Nxb2 25. Qh5 f6 26. Bd5+ Kh8 27. Re3 g6
28. fxg6 Qg7 29. Rh3 Rc7 30. Re1 fxg5 31. gxh7 g4 32. Rh4 Qd4 33. Rf1 Rc5 34.
Qh6 Qf4 35. Qe6 Rxd5 36. Qxd5 Nc4 37. Qh5 Ne3 38. Qh6 Qxh6 39. Rxh6 Nxf1 40.
Rxd6 g3 41. fxg3 Nxg3 42. Rxa6 Kxh7 43. a4 Ne2+ 44. Kh2 bxa4 45. Rxa4 Kg6 46.
Ra5 Rf5 47. Rxf5 Kxf5 1/2-1/2

[Event "27th Hoogeveen Open 2024"]
[Site "Hoogeveen NED"]
[Date "2024.10.30"]
[Round "6.25"]
[White "Gerrits, Augustin"]
[Black "Van Batenburg, Mees"]
[Result "0-1"]
[WhiteElo "1939"]
[BlackElo "2247"]
[WhiteFideId "285358"]
[BlackFideId "1078259"]
[EventDate "2024.10.26"]

1. e4 c5 2. Nf3 Nc6 3. d4 cxd4 4. Nxd4 Nf6 5. Nc3 e5 6. Ndb5 d6 7. Bg5 a6 8. Na3
b5 9. Nd5 Be7 10. Bxf6 Bxf6 11. c3 Ne7 12. Nxf6+ gxf6 13. Nc2 Bb7 14. Bd3 d5 15.
Qe2 dxe4 16. Bxe4 Bxe4 17. Qxe4 Qd5 18. Qxd5 Nxd5 19. O-O-O Rd8 20. Rhe1 Nf4 21.
Rxd8+ Kxd8 22. Rd1+ Ke7 23. Ne3 Ke6 24. g3 Nh3 25. Rd2 f5 26. Nd5 Rc8 27. Nb4 a5
28. Nd3 b4 29. Kc2 bxc3 30. bxc3 Ng5 31. Re2 Ne4 32. Kb2 f6 33. Rc2 Rd8 34. Ne1
Rd1 35. Ng2 Rf1 36. f4 Rf3 37. Kb3 Kd5 38. Nh4 Rf1 39. Nxf5 Rb1+ 40. Rb2 Nc5+
41. Kc2 Rh1 42. Ne3+ Ke4 43. Ng4 Kf3 44. Nxf6 Rxh2+ 45. Kb1 Rh1+ 46. Kc2 Rh2+
47. Kb1 Rh1+ 48. Kc2 e4 49. Rb5 Rh2+ 50. Kd1 Nd3 51. Nxe4 Kxe4 52. Rb7 Nc5 53.
Ra7 Kd3 54. Ke1 Ne4 55. Kf1 Nxg3+ 56. Kg1 Rxa2 57. Rxh7 Ne2+ 0-1

[Event "27th Hoogeveen Open 2024"]
[Site "Hoogeveen NED"]
[Date "2024.10.30"]
[Round "6.26"]
[White "Grooten, Herman"]
[Black "Westerlaan, Sander"]
[Result "1/2-1/2"]
[WhiteTitle "IM"]
[WhiteElo "2216"]
[BlackElo "1979"]
[WhiteFideId "1000330"]
[BlackFideId "1044346"]
[EventDate "2024.10.26"]

1. d4 d5 2. c4 e6 3. Nc3 Nf6 4. cxd5 exd5 5. Bg5 c6 6. e3 Bd6 7. Bd3 O-O 8. Qc2
h6 9. Bh4 Re8 10. Nge2 Nbd7 11. h3 Qa5 12. O-O-O Ne4 13. Bxe4 dxe4 14. Nxe4 Bf8
15. Kb1 Nb6 16. Nc5 Bxc5 17. Qxc5 Qxc5 18. dxc5 Nd7 19. Rc1 Re5 20. Rhd1 Nxc5
21. g4 b6 22. b4 Ba6 23. Nd4 Nd3 24. Nxc6 Nxc1 25. Nxe5 Ne2 26. Rd7 f6 27. Nc6
Bb5 28. Ne7+ Kf8 29. Rc7 a5 30. bxa5 Rxa5 31. f4 Bd3+ 32. Kb2 Rb5+ 33. Ka3 Ra5+
34. Kb4 Rb5+ 35. Ka4 Ra5+ 36. Kb4 Rb5+ 1/2-1/2

[Event "27th Hoogeveen Open 2024"]
[Site "Hoogeveen NED"]
[Date "2024.10.30"]
[Round "6.27"]
[White "Westerhof, Fleur"]
[Black "Duchene, Rene"]
[Result "0-1"]
[WhiteElo "1904"]
[BlackElo "2075"]
[WhiteFideId "1080369"]
[BlackFideId "1006304"]
[EventDate "2024.10.26"]

1. e4 e6 2. d4 d5 3. e5 c5 4. c3 Nc6 5. Nf3 Nh6 6. Bd3 Nf5 7. Bxf5 exf5 8. O-O
h6 9. dxc5 Bxc5 10. b4 Bb6 11. b5 Ne7 12. Ba3 Be6 13. Nd4 O-O 14. Nd2 Rc8 15.
Rc1 Re8 16. Nxe6 fxe6 17. c4 Bc5 18. Bxc5 Rxc5 19. Qa4 Qb6 20. Nb3 Rxc4 21. Rxc4
dxc4 22. Qxc4 Rc8 23. Qd4 Qxb5 24. Qxa7 Nc6 25. Qc5 Qe2 26. Nd4 Qxa2 27. Nxc6
Rxc6 28. Qe7 Qb2 29. g3 Kh7 30. Kg2 b5 31. Qd7 Qc2 32. Re1 b4 33. h4 b3 34. h5
b2 35. Qe8 f4 36. Qg6+ Qxg6 37. hxg6+ Kxg6 38. Rb1 Rb6 39. g4 Rb3 40. f3 Kg5 41.
Kf2 h5 42. gxh5 Kxh5 43. Kg2 Kg5 44. Kf2 Kf5 0-1

[Event "27th Hoogeveen Open 2024"]
[Site "Hoogeveen NED"]
[Date "2024.10.30"]
[Round "6.28"]
[White "Wildschut, Marcel"]
[Black "Van der Lubben, Arno"]
[Result "0-1"]
[WhiteElo "2069"]
[BlackElo "1997"]
[WhiteFideId "1019139"]
[BlackFideId "1068920"]
[EventDate "2024.10.26"]

1. e4 e5 2. Nf3 Nc6 3. Bb5 a6 4. Ba4 Nf6 5. O-O Be7 6. Re1 b5 7. Bb3 O-O 8. c3
d5 9. exd5 Nxd5 10. Nxe5 Nxe5 11. Rxe5 c6 12. d4 Bd6 13. Re2 Bg4 14. f3 Bf5 15.
g3 Qc7 16. Nd2 Bd3 17. Rf2 Bxg3 18. hxg3 Ne3 19. Qe1 Qxg3+ 20. Kh1 Rae8 21. Qg1
Qh4+ 22. Qh2 Qf6 23. Ne4 Rxe4 24. fxe4 Bxe4+ 25. Kg1 Qg6+ 26. Rg2 Nxg2 27. Kf2
Qf6+ 28. Kg1 Nh4 0-1

[Event "27th Hoogeveen Open 2024"]
[Site "Hoogeveen NED"]
[Date "2024.10.30"]
[Round "6.29"]
[White "Fehr, Axel"]
[Black "Gortemaker, Lucas"]
[Result "0-1"]
[WhiteElo "2021"]
[BlackElo "2073"]
[WhiteFideId "4675185"]
[BlackFideId "1013394"]
[EventDate "2024.10.26"]

1. c4 e5 2. d3 Bb4+ 3. Nc3 Bxc3+ 4. bxc3 d6 5. g3 Nc6 6. Bg2 Nge7 7. Rb1 b6 8.
Nf3 Be6 9. Ng5 Bd7 10. O-O h6 11. Ne4 Qc8 12. Re1 Bh3 13. Bh1 f5 14. Nd2 O-O 15.
Qa4 Qe8 16. c5 d5 17. e3 f4 18. exf4 Rxf4 19. Qd1 Qf7 20. f3 Rf6 21. Qe2 Bf5 22.
Ba3 Qg6 23. cxb6 axb6 24. Bxe7 Nxe7 25. Qxe5 Re6 26. Qxc7 Rxa2 27. Nf1 Bxd3 28.
Qd8+ Kh7 29. Rbd1 Bxf1 30. Kxf1 Qc2 0-1

[Event "27th Hoogeveen Open 2024"]
[Site "Hoogeveen NED"]
[Date "2024.10.31"]
[Round "7.1"]
[White "Karthikeyan, Murali"]
[Black "De Winter, Arthur"]
[Result "1-0"]
[WhiteTitle "GM"]
[BlackTitle "IM"]
[WhiteElo "2624"]
[BlackElo "2435"]
[WhiteFideId "5074452"]
[BlackFideId "1069020"]
[EventDate "2024.10.26"]

1. d4 d5 2. c4 dxc4 3. Nf3 Nf6 4. e3 e6 5. Bxc4 c5 6. O-O a6 7. Be2 Nbd7 8. b3
Be7 9. dxc5 Bxc5 10. Bb2 O-O 11. Nbd2 b6 12. Nd4 Bb7 13. Bf3 Nd5 14. Rc1 Rc8 15.
Qe2 Qe7 16. Rfd1 b5 17. Nf1 N7f6 18. g3 Ba3 19. e4 Nb6 20. Rxc8 Rxc8 21. Ba1 Bc5
22. e5 Bxf3 23. Nxf3 Nfd5 24. N1d2 h6 25. Ne4 Nd7 26. h4 Bb6 27. Nh2 Qa3 28. Kg2
Qb4 29. Nf3 a5 30. Nd6 Rc6 31. Bd4 a4 32. Bxb6 N7xb6 33. Nd4 Rc7 34. N4xb5 Rd7
35. Rd4 Qa5 36. h5 axb3 37. axb3 Nc3 38. Qd3 Nxb5 39. Qxb5 Qa8+ 40. Kh2 Qf3 41.
Rf4 Qxh5+ 42. Rh4 Qg5 43. Qxb6 Qxe5 44. Nc4 Qe1 45. Qe3 Qb1 46. Ne5 Rb7 47. Rd4
Rxb3 48. Qf4 Qf5 49. Rd8+ Kh7 50. Qxf5+ exf5 51. Nxf7 f4 52. gxf4 Kg6 53. Ne5+
Kf5 54. Rf8+ 1-0

[Event "27th Hoogeveen Open 2024"]
[Site "Hoogeveen NED"]
[Date "2024.10.31"]
[Round "7.2"]
[White "Sankalp, Gupta"]
[Black "Kovchan, Alexander"]
[Result "0-1"]
[WhiteTitle "GM"]
[BlackTitle "GM"]
[WhiteElo "2534"]
[BlackElo "2444"]
[WhiteFideId "5097010"]
[BlackFideId "14103052"]
[EventDate "2024.10.26"]

1. d4 Nf6 2. Bf4 d5 3. e3 Bf5 4. Bd3 e6 5. Bxf5 exf5 6. Qd3 Qd7 7. Nf3 Nc6 8.
O-O Bd6 9. Bxd6 cxd6 10. Nc3 O-O 11. Nh4 Ne7 12. Ne2 Rac8 13. b3 Rc7 14. Rfc1
Rfc8 15. c3 Ne4 16. f3 Nf6 17. g3 g5 18. Ng2 Qe6 19. Rc2 a6 20. Rac1 Nc6 21. Qd2
Ne7 22. e4 h6 23. exf5 Qxf5 24. g4 Qg6 25. Re1 h5 26. h3 h4 27. Nc1 Nc6 28. Rb2
b5 29. Ne3 Ne7 30. Rc2 Nh7 31. Nd3 a5 32. Rcc1 Rf8 33. Nf2 Kh8 34. Re2 f5 35.
gxf5 Qf7 36. Qd3 Nxf5 37. Nxf5 Qxf5 38. Qxf5 Rxf5 39. Kg2 Nf8 40. Ng4 Ng6 41.
Re8+ Kg7 42. Nf2 Nf4+ 43. Kf1 Rf8 44. Rxf8 Kxf8 45. a3 a4 46. bxa4 bxa4 47. Nd1
Rb7 48. c4 Rb3 49. c5 Rxf3+ 50. Ke1 Nd3+ 51. Ke2 Rxh3 52. Rc3 Nf4+ 53. Kf2 dxc5
54. dxc5 Rxc3 55. Nxc3 Nd3+ 56. Kf3 Nxc5 57. Nxd5 Kf7 58. Kg4 Ke6 59. Ne3 Ne4
60. Nc4 Nf2+ 61. Kf3 Nd3 62. Nb6 Nc5 63. Kg4 Ke5 64. Nc4+ Kd4 65. Nd2 Kc3 66.
Nf3 Ne6 67. Nh2 Kb3 68. Kf5 Kxa3 0-1

[Event "27th Hoogeveen Open 2024"]
[Site "Hoogeveen NED"]
[Date "2024.10.31"]
[Round "7.3"]
[White "Zwirs, Nico"]
[Black "Smeets, Kobe"]
[Result "1/2-1/2"]
[WhiteTitle "IM"]
[BlackTitle "FM"]
[WhiteElo "2474"]
[BlackElo "2328"]
[WhiteFideId "1036432"]
[BlackFideId "1063910"]
[EventDate "2024.10.26"]

1. e4 c5 2. Nf3 e6 3. d4 cxd4 4. Nxd4 Nc6 5. Nc3 Qc7 6. Be3 a6 7. Qd2 Nf6 8.
O-O-O Be7 9. f4 b5 10. e5 b4 11. exf6 bxc3 12. Qxc3 Bxf6 13. g4 h6 14. h4 Bb7
15. Rh2 Qd6 16. Rhd2 Nxd4 17. Bxd4 Qxf4 18. Bxf6 gxf6 19. Kb1 Bc6 20. Rd4 Qe5
21. Re1 Qh2 22. Bh3 Qf2 23. Rf1 Qxh4 24. Rdf4 Rc8 25. Rxf6 O-O 26. Qe3 Qg5 27.
Qe1 Bb5 28. R1f2 Rc5 29. Bf1 Re5 30. Qd1 Rd5 31. Qe1 Qe5 32. Qc1 Qd6 33. Bd3
Bxd3 34. cxd3 Rc5 35. Qd2 Rfc8 36. Rf1 Rc2 37. Qxc2 Rxc2 38. Kxc2 Qc5+ 39. Kd2
Qb4+ 40. Kc2 Qa4+ 41. Kc3 Qa5+ 42. Kc2 Qc5+ 43. Kd2 Qb4+ 44. Kc2 Qxg4 45. Rxf7
h5 46. R7f2 e5 47. Rh2 e4 48. Rff2 Kh7 49. Rfg2 Qf3 50. dxe4 Qxe4+ 51. Kc1 h4
52. Re2 Qg4 53. a3 d5 54. Kb1 Kh6 55. Re1 Kg5 56. Reh1 Qe4+ 57. Ka1 d4 58. Rxh4
Qxh4 59. Rxh4 Kxh4 60. Kb1 Kg4 61. Kc2 Kf4 62. Kd3 Ke5 63. b3 a5 64. b4 axb4 65.
axb4 Kd5 66. b5 Kc5 67. b6 Kxb6 68. Kxd4 1/2-1/2

[Event "27th Hoogeveen Open 2024"]
[Site "Hoogeveen NED"]
[Date "2024.10.31"]
[Round "7.4"]
[White "Labruyere, Roger"]
[Black "Slagboom, Leandro"]
[Result "1/2-1/2"]
[BlackTitle "FM"]
[WhiteElo "2286"]
[BlackElo "2345"]
[WhiteFideId "1059505"]
[BlackFideId "1065882"]
[EventDate "2024.10.26"]

1. e4 e6 2. d4 d5 3. Nd2 c5 4. Ngf3 a6 5. dxc5 Bxc5 6. Bd3 Nc6 7. c3 Nf6 8. O-O
Qc7 9. Qe2 h6 10. a3 O-O 11. b4 Bd6 12. c4 dxc4 13. Nxc4 Ng4 14. Nxd6 Qxd6 15.
Bb2 e5 16. h3 Nf6 17. Rfd1 Qe7 18. b5 axb5 19. Bxb5 Bd7 20. a4 Rfd8 21. Bxc6
Bxc6 22. Rxd8+ Rxd8 23. Nxe5 Bxe4 24. Ng4 Nxg4 25. Qxg4 f5 26. Qg3 Qg5 27. Qxg5
hxg5 28. Rc1 Rd2 29. Rc8+ Kh7 30. Bc3 Rd7 31. f3 Bd5 32. Kf2 f4 33. a5 Kg6 34.
Rc5 Be6 35. Re5 Bf7 36. Rb5 Bd5 37. Kg1 Be6 38. Kh2 Bf5 39. Be5 Bd3 40. Rc5 Bf1
41. Bc3 Re7 42. h4 gxh4 43. Be5 Rf7 44. Kh3 Rf5 45. Bd4 Rxc5 46. Bxc5 Kf5 47.
Be7 g5 48. Bd8 Be2 49. Be7 Bf1 1/2-1/2

[Event "27th Hoogeveen Open 2024"]
[Site "Hoogeveen NED"]
[Date "2024.10.31"]
[Round "7.5"]
[White "Bosboom, Manuel"]
[Black "Schuricht, Emil Frederick"]
[Result "1-0"]
[WhiteTitle "IM"]
[WhiteElo "2354"]
[BlackElo "2145"]
[WhiteFideId "1000080"]
[BlackFideId "16270185"]
[EventDate "2024.10.26"]

1. g3 d5 2. Bg2 c6 3. d3 g6 4. Nf3 Bg7 5. O-O e5 6. Nbd2 Ne7 7. e4 O-O 8. Qe2 d4
9. b4 a5 10. bxa5 Qxa5 11. a4 Qc7 12. Bb2 Nd7 13. c3 dxc3 14. Bxc3 Nc5 15. Nc4
Bg4 16. Qe3 Nb3 17. Ra3 Bxf3 18. Bxf3 Nd4 19. Bxd4 exd4 20. Qg5 f5 21. Rb1 Rab8
22. Rab3 h6 23. Qd2 Rf7 24. Qa2 Kh7 25. a5 Nc8 26. exf5 gxf5 27. Kg2 Na7 28.
Rxb7 Rxb7 29. Rxb7 Qxb7 30. Nd6 Qd7 31. Qxf7 Qxf7 32. Nxf7 Bf6 33. Nd6 Kg6 34.
a6 Be5 35. Nc4 Bc7 36. Bd1 Kf6 37. f4 Ke6 38. Bf3 c5 39. Kf2 Nb5 40. Ke2 Na7 41.
Kd2 Bb8 42. Kc2 Nb5 43. Kb3 Bc7 44. Na3 Na7 45. Kc4 Bb6 46. Bb7 Kd6 47. h4 Ke6
48. h5 Kd6 49. Nb5+ Ke6 50. Nxa7 Bxa7 51. Bc8+ Kf6 52. Kb5 Bb8 53. Kxc5 Ba7+ 54.
Kc6 Bb8 55. Kb7 1-0

[Event "27th Hoogeveen Open 2024"]
[Site "Hoogeveen NED"]
[Date "2024.10.31"]
[Round "7.6"]
[White "Maris, Ivo"]
[Black "Maatman, Nick"]
[Result "1-0"]
[WhiteTitle "FM"]
[BlackTitle "IM"]
[WhiteElo "2388"]
[BlackElo "2382"]
[WhiteFideId "1028146"]
[BlackFideId "1040391"]
[EventDate "2024.10.26"]

1. g3 c5 2. Bg2 g6 3. Nh3 d5 4. d3 Nc6 5. Nd2 Nf6 6. e4 dxe4 7. dxe4 Bg7 8. O-O
Qc7 9. c3 O-O 10. f4 Rd8 11. Qe2 e6 12. e5 Nd5 13. Ne4 Nce7 14. g4 Bd7 15. c4
Nb6 16. Nf6+ Bxf6 17. exf6 Nc6 18. Qf2 Qd6 19. Qh4 Nxc4 20. Kh1 Qf8 21. f5 exf5
22. gxf5 Nd4 23. fxg6 fxg6 24. f7+ Kh8 25. Bg5 1-0

[Event "27th Hoogeveen Open 2024"]
[Site "Hoogeveen NED"]
[Date "2024.10.31"]
[Round "7.7"]
[White "Madularea, David"]
[Black "Ganguly, Surya Shekhar"]
[Result "0-1"]
[BlackTitle "GM"]
[WhiteElo "2151"]
[BlackElo "2598"]
[WhiteFideId "1070215"]
[BlackFideId "5002150"]
[EventDate "2024.10.26"]

1. e4 e5 2. Nf3 Nc6 3. Bb5 a6 4. Ba4 Nf6 5. O-O d6 6. Re1 Bd7 7. c3 g6 8. d4 Bg7
9. h3 O-O 10. Bc2 Qe8 11. a4 Kh8 12. Na3 Nh5 13. Nc4 Rd8 14. dxe5 dxe5 15. Qe2
Be6 16. Bg5 f6 17. Be3 g5 18. Kh2 Qf7 19. Bb3 Nf4 20. Bxf4 exf4 21. e5 Rde8 22.
Qe4 f5 23. Qe2 g4 24. Ng5 Qh5 25. Nxe6 Rxe6 26. f3 Rh6 27. Qd2 b5 28. axb5 axb5
29. Qxf4 bxc4 30. Bxc4 gxf3 31. Re3 fxg2 32. e6 Be5 0-1

[Event "27th Hoogeveen Open 2024"]
[Site "Hoogeveen NED"]
[Date "2024.10.31"]
[Round "7.8"]
[White "Brunello, Sabino"]
[Black "Lorscheid, Gerhard"]
[Result "1-0"]
[WhiteTitle "GM"]
[BlackTitle "FM"]
[WhiteElo "2514"]
[BlackElo "2152"]
[WhiteFideId "813613"]
[BlackFideId "4606000"]
[EventDate "2024.10.26"]

1. e4 d6 2. d4 Nf6 3. Nc3 e5 4. Nf3 Nbd7 5. a4 Be7 6. Be2 O-O 7. O-O Re8 8. a5
exd4 9. Nxd4 Bf8 10. a6 Nc5 11. axb7 Bxb7 12. Bb5 Re7 13. Nc6 Bxc6 14. Bxc6 Rb8
15. Bg5 Rb6 16. e5 Rxe5 17. Bxf6 gxf6 18. f4 Re6 19. f5 Re5 20. Qg4+ Bg7 21. Bf3
Rxb2 22. Rxa7 Re8 23. Bc6 Rf8 24. Nd5 Rxc2 25. Rb1 h6 26. h3 Kh7 27. Qd1 Rc4 28.
Ra8 Qxa8 29. Bxa8 Rxa8 30. Nxc7 Ra2 31. Ne8 Re4 32. Qd5 Ree2 33. Nxf6+ 1-0

[Event "27th Hoogeveen Open 2024"]
[Site "Hoogeveen NED"]
[Date "2024.10.31"]
[Round "7.9"]
[White "Emans, Job"]
[Black "Mamatov, Melis"]
[Result "0-1"]
[BlackTitle "FM"]
[WhiteElo "2118"]
[BlackElo "2358"]
[WhiteFideId "1051393"]
[BlackFideId "13800027"]
[EventDate "2024.10.26"]

1. d4 d5 2. c4 c6 3. cxd5 cxd5 4. Bg5 Nf6 5. Bxf6 gxf6 6. Nc3 Nc6 7. e3 a6 8. g3
Bf5 9. Bg2 e6 10. a3 Be7 11. Nge2 Rc8 12. O-O Na5 13. e4 dxe4 14. Nxe4 O-O 15.
b4 Nc4 16. Nf4 b6 17. d5 e5 18. Qh5 Bg6 19. Nxg6 hxg6 20. Qe2 b5 21. Rfd1 f5 22.
d6 fxe4 23. dxe7 Qxe7 24. Qxe4 Rfd8 25. Qb7 Qf6 26. Rd5 Rxd5 27. Bxd5 Rd8 28.
Qc6 Rd6 29. Qc8+ Kg7 30. Qb7 Nb6 31. Bb3 Nc4 32. Ra2 Qf5 33. Rc2 Rd1+ 34. Kg2
Ne3+ 35. fxe3 Qf1# 0-1

[Event "27th Hoogeveen Open 2024"]
[Site "Hoogeveen NED"]
[Date "2024.10.31"]
[Round "7.10"]
[White "Plukkel, Sjoerd"]
[Black "Govoreanu, Matei"]
[Result "1/2-1/2"]
[WhiteTitle "FM"]
[WhiteElo "2210"]
[BlackElo "2142"]
[WhiteFideId "1008676"]
[BlackFideId "258059"]
[EventDate "2024.10.26"]

1. d4 d5 2. c3 Nf6 3. Bg5 Ne4 4. Bf4 g5 5. Bc1 Rg8 6. Nf3 Nc6 7. Qa4 Bd7 8. Qb3
e6 9. e3 g4 10. Nfd2 Nd6 11. Na3 h5 12. Bd3 Bh6 13. c4 Na5 14. Qb4 Naxc4 15.
Naxc4 dxc4 16. Nxc4 Nxc4 17. Bxc4 Bc6 18. Bb5 Qd5 19. Bxc6+ Qxc6 20. O-O Bf8 21.
Qc3 Qe4 22. Qxc7 Rd8 23. Qe5 1/2-1/2

[Event "27th Hoogeveen Open 2024"]
[Site "Hoogeveen NED"]
[Date "2024.10.31"]
[Round "7.11"]
[White "De Wit, Michel"]
[Black "Duson, Robin"]
[Result "1/2-1/2"]
[WhiteTitle "FM"]
[WhiteElo "2108"]
[BlackElo "2177"]
[WhiteFideId "1002210"]
[BlackFideId "1055038"]
[EventDate "2024.10.26"]

1. d4 Nf6 2. c4 e6 3. Nf3 d5 4. Nc3 Nbd7 5. e3 Be7 6. Bd3 dxc4 7. Bxc4 a6 8. a4
O-O 9. O-O c5 10. e4 cxd4 11. Nxd4 Qc7 12. Bxe6 fxe6 13. Nxe6 Qc4 14. Nxf8 Bxf8
15. Bg5 h6 16. Bxf6 Nxf6 17. e5 Ng4 18. Nd5 Qc6 19. Rc1 Qg6 20. Nc7 Rb8 21. Qd5+
Kh7 22. Rfe1 b6 23. Rc6 Qf5 24. Qf3 Bc5 25. Qxf5+ Bxf5 26. Rxc5 bxc5 27. f3 Nxe5
28. Rxe5 Bd3 29. Rxc5 Rxb2 30. Rc3 Rb1+ 31. Kf2 Rb2+ 32. Ke3 Bf1 33. g4 Rxh2 34.
Rc1 Re2+ 35. Kd4 Rf2 36. Ke3 Re2+ 37. Kf4 g5+ 38. Kf5 Rf2 39. Ke6 Rxf3 40. Nd5
h5 41. Nf6+ Kh6 42. Rc8 Bd3 43. Nxh5 Re3+ 44. Kf6 Rf3+ 45. Ke5 Re3+ 46. Kf6 1/2-1/2

[Event "27th Hoogeveen Open 2024"]
[Site "Hoogeveen NED"]
[Date "2024.10.31"]
[Round "7.12"]
[White "Aravindhan, Achyuth"]
[Black "Kovalskyi, Roman"]
[Result "1/2-1/2"]
[WhiteTitle "CM"]
[WhiteElo "2173"]
[BlackElo "2124"]
[WhiteFideId "1084216"]
[BlackFideId "14184214"]
[EventDate "2024.10.26"]

1. e4 c5 2. Nf3 a6 3. c4 Nc6 4. d4 cxd4 5. Nxd4 Nf6 6. Nc3 d6 7. Be2 e6 8. O-O
Be7 9. Be3 O-O 10. f4 Bd7 11. f5 Rc8 12. Rc1 Qa5 13. Qd2 Bd8 14. Rcd1 Ne5 15.
Nb3 Qc7 16. c5 dxc5 17. Bxc5 Re8 18. Bd6 Qb6+ 19. Kh1 Bc7 20. Bc5 Qc6 21. Bg1
Rcd8 22. Nd4 Qd6 23. Qg5 h6 24. Qh4 Qf8 25. Be3 exf5 26. Bxh6 Ng6 27. Qxf6 gxf6
28. Bxf8 Kxf8 29. exf5 Nf4 30. Bf3 Bc8 31. g3 Nh3 32. Bg2 Ng5 33. h4 Nh7 34. Nd5
Bxg3 35. Nb6 Rd6 36. Nxc8 Rxc8 37. Nb3 Rc2 38. Rxd6 Bxd6 39. Rd1 Bg3 40. Rd2 Rc7
41. Rd4 Be5 42. Rd2 b5 43. Bd5 Bg3 44. Rd3 Bf4 45. Rd4 Be5 46. Rd2 Bg3 1/2-1/2

[Event "27th Hoogeveen Open 2024"]
[Site "Hoogeveen NED"]
[Date "2024.10.31"]
[Round "7.13"]
[White "Ten Dam, Bram"]
[Black "Duijker, Rick"]
[Result "1/2-1/2"]
[BlackTitle "FM"]
[WhiteElo "2006"]
[BlackElo "2154"]
[WhiteFideId "40104877"]
[BlackFideId "1010565"]
[EventDate "2024.10.26"]

1. e4 e5 2. Nf3 Nc6 3. Bc4 Nf6 4. d3 Bc5 5. c3 d6 6. O-O a5 7. h3 h6 8. d4 Bb6
9. Re1 O-O 10. dxe5 dxe5 11. Nbd2 Qe7 12. a4 Be6 13. Bxe6 Qxe6 14. Qb3 Qxb3 15.
Nxb3 Rad8 16. Nbd2 Bc5 17. Nc4 Rfe8 18. g4 Rd3 1/2-1/2

[Event "27th Hoogeveen Open 2024"]
[Site "Hoogeveen NED"]
[Date "2024.10.31"]
[Round "7.14"]
[White "Kukushkin, Ivan"]
[Black "De Jong, Migchiel"]
[Result "1-0"]
[BlackTitle "IM"]
[WhiteElo "2084"]
[BlackElo "2288"]
[WhiteFideId "11634103"]
[BlackFideId "1002848"]
[EventDate "2024.10.26"]

1. d4 Nf6 2. Nf3 g6 3. Nbd2 d5 4. Nb3 Bg7 5. h3 O-O 6. Bf4 b6 7. e3 c5 8. Be2
cxd4 9. exd4 Ba6 10. Ne5 Bxe2 11. Qxe2 e6 12. O-O Nfd7 13. Nxd7 Qxd7 14. a4 Nc6
15. c3 a6 16. a5 b5 17. Nc5 Qd8 18. b4 Re8 19. Qd2 Bf8 20. Nd3 Rc8 21. Rfe1 Bd6
22. Rad1 Ne7 23. Be5 Bxe5 24. Rxe5 Nf5 25. Nc5 Rc6 26. Rde1 Nd6 27. Qh6 Nc4 28.
R5e2 Qf6 29. h4 Nd6 30. Re5 Ne4 31. R1xe4 dxe4 32. Rxe4 Qf5 33. Re5 Qb1+ 34. Kh2
f6 35. Re3 Qf5 36. Rf3 Qd5 37. Rg3 Re7 38. h5 Rg7 39. hxg6 Qf5 40. gxh7+ Qxh7
41. Qxh7+ Kxh7 42. Re3 e5 43. dxe5 fxe5 44. Rxe5 Rg4 45. Re4 Rg5 46. Re7+ Kg8
47. Ra7 Re5 48. g4 Re2 49. Rxa6 Rxa6 50. Nxa6 Rxf2+ 51. Kg3 Rc2 52. Nc5 Rxc3+
53. Kh4 Kf7 54. a6 Ra3 55. Kg5 Ra1 56. Kf5 Re1 57. g5 Ke7 58. g6 Re2 59. Nb3 Ra2
60. Na5 Rf2+ 61. Ke5 Rf8 62. Nc6+ Kd7 63. Na5 Kc7 64. g7 Rc8 65. Nb3 1-0

[Event "27th Hoogeveen Open 2024"]
[Site "Hoogeveen NED"]
[Date "2024.10.31"]
[Round "7.15"]
[White "Bruggink, Tycho"]
[Black "Mostertman, Milan"]
[Result "0-1"]
[BlackTitle "FM"]
[WhiteElo "1992"]
[BlackElo "2201"]
[WhiteFideId "1050028"]
[BlackFideId "1025848"]
[EventDate "2024.10.26"]

1. e4 c5 2. Nc3 Nc6 3. Bb5 Nd4 4. Nf3 a6 5. Bd3 g6 6. Rb1 Bg7 7. b4 d6 8. bxc5
dxc5 9. Na4 c4 10. Bxc4 b5 11. Bd5 Rb8 12. Bb2 e5 13. Nxd4 exd4 14. Bc6+ Bd7 15.
Bxd7+ Qxd7 16. Nc5 Qc6 17. Nb3 Rd8 18. O-O Ne7 19. Qf3 O-O 20. Rfe1 Rd7 21. c3
d3 22. Ba3 Rfd8 23. Nc5 Rd6 24. Qg4 Nc8 25. Qf4 f6 26. Re3 a5 27. Qg3 Nb6 28.
Nb7 Qxb7 29. Bxd6 Nc4 30. Bc5 Nxd2 31. Rbe1 Nxe4 32. Rxe4 Qxe4 33. Rxe4 d2 34.
f3 d1=Q+ 35. Qe1 Qxe1+ 36. Rxe1 f5 37. Rb1 Bxc3 38. a3 Rd5 39. Be3 b4 40. axb4
Bxb4 41. Bf2 Kf7 42. Be1 Bxe1 43. Rxe1 a4 44. Kf2 a3 45. Rb1 Ra5 46. Ke3 a2 47.
Ra1 Ke6 48. Kd4 g5 49. g3 h5 50. Kc4 h4 51. Kb3 Ke5 52. Kc4 hxg3 53. hxg3 Ra3
54. g4 fxg4 0-1

[Event "27th Hoogeveen Open 2024"]
[Site "Hoogeveen NED"]
[Date "2024.10.31"]
[Round "7.16"]
[White "Leenes, Robert"]
[Black "Terlouw, Wouter"]
[Result "0-1"]
[BlackTitle "CM"]
[WhiteElo "2014"]
[BlackElo "2198"]
[WhiteFideId "40108848"]
[BlackFideId "1087401"]
[EventDate "2024.10.26"]

1. d4 Nf6 2. Nc3 d5 3. Bg5 Nbd7 4. f3 c6 5. e4 dxe4 6. fxe4 e5 7. Nf3 exd4 8.
Qxd4 Bc5 9. Qd2 O-O 10. O-O-O Qa5 11. Bc4 Bb4 12. Rhe1 Ng4 13. Bb3 h6 14. h3
hxg5 15. hxg4 Nc5 16. Nxg5 Bxc3 17. bxc3 Bxg4 18. Bxf7+ Rxf7 19. Nxf7 Qa3+ 20.
Kb1 Na4 0-1